| 000 | 00924nam0a2200277 4500 | ||
|---|---|---|---|
| 001 | RU\NLR\ONL2\22155 | ||
| 005 | 20250613132325.0 | ||
| 010 |
_a978-5-85693-421-1 _9500 |
||
| 035 | _a(NLR Aleph) 009669739 | ||
| 090 |
_a9655143 _c9655143 |
||
| 100 | _a20120202d2010 |||y0rusy50 ca | ||
| 101 | 0 | _abua | |
| 102 | _aRU | ||
| 105 | _ac ||||||||| | ||
| 200 | 1 |
_aБуусахан тоонтын ургэмжоор _eуянгата шулэгууд _fЖаргал Олзобоева |
|
| 210 |
_aУлаан-Удэ _cБэлиг _d2010 |
||
| 215 |
_a69,[2] c. _d20 |
||
| 541 | 1 |
_aМалой родиной вдохновленная _eлирические стихи _zrus |
|
| 686 | 1 | _aШ6(2=Бур)7-5 | |
| 700 | 1 |
_aОлзобоева _bЖ. О. _gЖаргал Олзобоевна _4070 |
|
| 801 | 0 |
_aRU _bNLR _c20120202 _gPSBO |
|
| 852 |
_aNLR _bОНЛ _jБур./2-1935 |
||
| 942 | _cBOOK | ||
| 980 | _aNB | ||
| 980 | _aONL_RF | ||